000 00858nam a2200205 i 4500
001 59640
003 ES-MaACL
005 20251015063101.0
007 t|
008 031030s1935 fr ||||1| fre d
100 1 _aÉon, Charles de Beaumont d',
_d1728-1810
_947317
245 1 0 _aMémoires du chevalier d'Eon
_b: publiés pour la première fois [1866] sur les papiers fournis par sa famille et d'après les matériaux authentiques déposés aux archives des affaires étrangères et aux archives de Tonnerre, par Frédéric Gaillardet en collaboration avec A. Gaillardet.
250 _aNouvelle édition.
260 _aParís :
_bGrasset,
_c1935 (
_eMayenne :
_fImp. Floch)
300 _a445 p. ;
_c23 cm.
700 1 _aGaillardet, Frederic.
_953254
700 1 _aGaillardet, H.
_953255
852 _aES-MaACL
_jA-4310
999 _c59640
_d59640